Name every Category 5 Atlantic Hurricane - Statistics

General Stats
  • This quiz has been taken 13 times
  • The average score is 21 of 29
Answer Stats
Hint Answer % Correct
2005 Katrina
100%
1992 Andrew
92%
1969 Camille
92%
2019 Dorian
92%
2017 Maria
92%
2005 Rita
92%
2005 Wilma
92%
2005 Emily
83%
2017 Irma
83%
2003 Isabel
83%
2016 Matthew
83%
1998 Mitch
83%
1980 Allen
75%
2007 Dean
75%
1988 Gilbert
75%
2004 Ivan
75%
2018 Michael
75%
1967 Beulah
67%
1979 David
67%
2007 Felix
67%
1989 Hugo
67%
1966 Inez
67%
2019 Lorenzo
67%
1977 Anita
58%
1971 Edith
58%
1961 Hattie
58%
1953 Carol
50%
1955 Janet
42%
1961 Esther
25%
No matching quizzes found
Score Distribution
Percent of People with Each Score
Percentile by Number Answered
Your Score History
You have not taken this quiz